000 00319nam a22001457a 4500
003 OSt
005 20160727222359.0
008 160623b xxu||||| |||| 00| 0 eng d
040 _cTEST
100 _9642
_aMc Courtney, L,
245 _aBetrayed
260 _aOregon
_bQuestar
_c1996
300 _aBetrayed
942 _2ddc
_cBK
999 _c524
_d524